| 000 | 00500nam a2200181 4500 | ||
|---|---|---|---|
| 003 | SEACOMMC | ||
| 005 | 20250417132842.0 | ||
| 008 | 240921b |||||||| |||| 00| 0 eng d | ||
| 020 |
_a 978-93-5271-860-3 _cRs.350.00 |
||
| 040 | _aSEACOMMC | ||
| 082 |
_a657 _bM 214 |
||
| 100 | _aMaheshwari S.N | ||
| 245 | 1 |
_aAn Introduction to Accountancy _c S.N Maheshwari , Suneel K Maheshwari |
|
| 250 | _a9th ed. | ||
| 260 |
_aNew Delhi _bVikas Publishing House _c 2005 |
||
| 650 | _aAccountancy | ||
| 942 | _cBOOK | ||
| 999 |
_c584 _d584 |
||